|
|
|
|
| LEADER |
01152cam a2200289 7i4500 |
| 001 |
0000057691 |
| 005 |
20210310090000.0 |
| 020 |
|
|
|a 9781137509031 (electronic book)
|
| 090 |
0 |
0 |
|a JK2316
|b .D47 2016
|
| 245 |
0 |
0 |
|a Democratic orators from JFK to Barack Obama
|c edited by Andrew Crines, David S. Moon, Robert Lehrman.
|
| 264 |
|
|
|a Basingstoke, Hampshire:
|b Palgrave Macmillan,
|c 2016.
|
| 300 |
|
|
|a 1 online resource (313 pages):
|b text file, PDF.
|
| 336 |
|
|
|a text
|2 rdacontent
|
| 337 |
|
|
|a computer
|2 rdamedia
|
| 338 |
|
|
|a online resource
|2 rdacarrier
|
| 490 |
0 |
|
|a Rhetoric, politics and society
|
| 650 |
|
0 |
|a Political oratory --
|z United States
|
| 650 |
|
0 |
|a Speeches, addresses, etc., American --
|x History and criticism
|
| 650 |
|
0 |
|a Rhetoric --
|x Political aspects --
|x History --
|y 20th century --
|z United States
|
| 655 |
|
0 |
|a Electronic books
|
| 700 |
1 |
|
|a Crines, Andrew
|
| 700 |
1 |
|
|a Moon, David S.
|
| 700 |
1 |
|
|a Lehrman, Robert
|
| 856 |
4 |
2 |
|u http://library.unisel.edu.my/web/guest/mylibrary
|
| 997 |
|
|
|a Centre for Graduate Studies
|
| 998 |
|
|
|a Political Science, Master
|
| 999 |
|
|
|a EBO0003979
|b EBOOK
|c EBOOK
|e Electronic resources
|